Statystyki dla Najgęściej zaludnione państwa według kontynentu

Kliknij tutaj aby rozwiązać quiz!

Ogólne statystyki

  • Ten quiz został rozwiązany 131 razy
  • Średni wynik to 13 z 30

Statystyki odpowiedzi

KontynentZaludnienieKraj% Poprawnych
Europa18 775Monako
90%
Europa1818Watykan
81%
Europa461San Marino
74%
Azja961Bangladesz
60%
Azja7 697Singapur
59%
Europa1 353Malta
56%
Ameryka Południowa23Brazylia
55%
Ameryka Południowa39Kolumbia
55%
Ameryka Południowa22Chile
54%
Ameryka Południowa49Ekwador
52%
Europa395Holandia
49%
Ameryka Południowa31Wenezuela
49%
Ameryka Północna271Haiti
48%
Azja2 375Bahrajn
42%
Australia i Oceania599Nauru
41%
Australia i Oceania435Tuvalu
37%
Ameryka Północna645Barbados
36%
Ameryka Północna263Grenada
36%
Azja628Tajwan
36%
Ameryka Północna300Saint Vincent i Grenadyny
34%
Ameryka Północna308Salwador
34%
Australia i Oceania312Wyspy Marshalla
34%
Australia i Oceania154Mikronezja
32%
Australia i Oceania142Tonga
32%
Azja1 099Malediwy
29%
Afryka177Seszele
28%
Afryka651Mauritius
27%
Afryka176Wyspy Świętego Tomasza i Książęca
25%
Afryka292Komory
23%
Afryka219Burundi
17%

Rozkład punktacji

Percentyl według liczby udzielonych odpowiedzi

Procent ludzi z każdym wynikiem

Twoja historia wyników

Nie rozwiązałeś tego quizu